Perintah Perdagangan Strategik ( Barang Strategik) 2010 [P.U.(A) 485/2010 . (Record no. 2342)

000 -LEADER
fixed length control field nam a22 a 4500
005 - DATE AND TIME OF LATEST TRANSACTION
control field 20170516102522.0
008 - FIXED-LENGTH DATA ELEMENTS--GENERAL INFORMATION
fixed length control field 170516s2010 my ||||| |||| 00| 0 may d
040 ## - CATALOGING SOURCE
Original cataloging agency AKMAL
082 ## - DEWEY DECIMAL CLASSIFICATION NUMBER
Classification number 343.5950855 MAL
090 ## - LOCALLY ASSIGNED LC-TYPE CALL NUMBER (OCLC); LOCAL CALL NUMBER (RLIN)
Classification number (OCLC) (R) ; Classification number, CALL (RLIN) (NR) 343.5950855
Local cutter number (OCLC) ; Book number/undivided call number, CALL (RLIN) MAL
110 1# - MAIN ENTRY--CORPORATE NAME
Corporate name or jurisdiction name as entry element Malaysia
Subordinate unit Ministry of International Trade and Industry
9 (RLIN) 4873
245 10 - TITLE STATEMENT
Title Perintah Perdagangan Strategik ( Barang Strategik) 2010 [P.U.(A) 485/2010 .
246 31 - VARYING FORM OF TITLE
Title proper/short title Strategic Trade ( Strategic Items) Order 2010 [P.U.(A) 485/2010]
260 ## - PUBLICATION, DISTRIBUTION, ETC.
Place of publication, distribution, etc. Kuala Lumpur;
Name of publisher, distributor, etc. Percetakan Nasional Berhad,
Date of publication, distribution, etc. 2010.
300 ## - PHYSICAL DESCRIPTION
Extent 881ms.;
Dimensions 25cm
490 1# - SERIES STATEMENT
Series statement Undang-undang Malaysia
500 ## - GENERAL NOTE
General note Teks sejajar dalam bahasa Malaysia dan Inggeris
650 10 - SUBJECT ADDED ENTRY--TOPICAL TERM
Topical term or geographic name entry element Trade regulation
Geographic subdivision Malaysia
9 (RLIN) 2454
650 20 - SUBJECT ADDED ENTRY--TOPICAL TERM
Topical term or geographic name entry element Business law
Geographic subdivision Malaysia
9 (RLIN) 3800
830 #0 - SERIES ADDED ENTRY--UNIFORM TITLE
Uniform title UNDANG-UNDANG MALAYSIA
9 (RLIN) 4874
942 ## - ADDED ENTRY ELEMENTS (KOHA)
Source of classification or shelving scheme
Koha item type Book
950 ## - LOCAL HOLDINGS (RLIN)
Permanent shelving location, LOC (RLIN) AKMAL
Holdings
Withdrawn status Lost status Source of classification or shelving scheme Damaged status Not for loan Collection code Home library Current library Shelving location Date acquired Inventory number Total Checkouts Full call number Barcode Date last seen Price effective from Koha item type
          NON-FICTION AKMAL Melaka AKMAL Melaka PINJAMAN 17.05.2017 305904   343.5950855 MAL 201703449 17.05.2017 17.05.2017 Book
          NON-FICTION AKMAL Melaka AKMAL Melaka PINJAMAN 17.05.2017 305905   343.5950855 MAL 201703450 17.05.2017 17.05.2017 Book
          NON-FICTION AKMAL Melaka AKMAL Melaka PINJAMAN 17.05.2017 305906   343.5950855 MAL 201703451 17.05.2017 17.05.2017 Book
          NON-FICTION AKMAL Melaka AKMAL Melaka PINJAMAN 17.05.2017 305907   343.5950855 MAL 201703452 17.05.2017 17.05.2017 Book
          NON-FICTION AKMAL Melaka AKMAL Melaka PINJAMAN 17.05.2017 305908   343.5950855 MAL 201703453 17.05.2017 17.05.2017 Book
Pusat Sumber Maklumat Dato' Haji Sarmin Md Hussin, Akademi Kastam Diraja Malaysia, Melaka
Tel: 06-2331106 | Faks: 06-2313787